000 00293nam a22001217a 4500
008 181122b xxu||||| |||| 00| 0 eng d
041 _aeng
080 _22nd
_a610
100 _a4
101 _aSHM
245 _aEvaluation of Liver Function In Clinical Practice
_cWaife,S.O
942 _2udc
_cBK
999 _c52338
_d52338